El Desarrollo excluyente y desigual en la América Latina rural /
El proceso de modernización excluyente, acentuado durante la década de 1980, transformó a los actores sociales y también las relaciones en el sector rural los latifundistas se vieron subordinados a las fuerzas del capitalismo global y nacional. La economía campesina, a pesar de continuar siendo un p...
Guardat en:
| Autor principal: | |
|---|---|
| Format: | Text |
| Matèries: | |
| Etiquetes: |
Afegir etiqueta
Sense etiquetes, Sigues el primer a etiquetar aquest registre!
|
MARC
| LEADER | 00000 a a2200000 04500 | ||
|---|---|---|---|
| 001 | 10500 | ||
| 003 | |||
| 040 | |||
| 100 | |a Kay, Cristóbal | ||
| 245 | |a El Desarrollo excluyente y desigual en la América Latina rural / |c Cristóbal Kay | ||
| 520 | |a El proceso de modernización excluyente, acentuado durante la década de 1980, transformó a los actores sociales y también las relaciones en el sector rural los latifundistas se vieron subordinados a las fuerzas del capitalismo global y nacional. La economía campesina, a pesar de continuar siendo un proveedor importante tanto de empleo como de alimentos básicos, pasó a ser un sector en decadencia la consecuencia de ello es que muchos campesinos han sido marginados como productores quedando condenados a un nivel de subsistencia mínimo y pasandon de ser propietarios a simples asalariados. No cabe duda que los procesos de globalización y modernización en el sector agropecuario y su impacto ha sido diferente según los países. Los cambios en el mercado mundial han modificado las fortunas económicas nacionales, la modernización y la globalización han tenido consecuencias dispares para los grupos sociales de cada economía nacional, acentuando y creando nuevas formas de diferenciación socioeconómica en el sector rural. Entre las tranformaciones claves analizadas, se encuentran los profundos cambios en la estructura agraria que han llevado a la desaparición secular del sistema de hacienda o de complejos de latifundios-minifundios, como en ocasiones se denomina a esta estructura agraria. Los procesos de reforma y contra-reforma agraria, la mecanización, la agroindustrialización, los éxodos de campesinos, la "casualización" de la fuerza laboral rural, la capitalización y la semiproletarización o proletarización de la economía campesina, la colonización y los nuevos adelantos en la agroexportación, han llevado al surgimiento de una estructura agraria más compleja y heterogénea. OB/LOB | ||
| 650 | |a ESTRATEGIA DEL DESARROLLO | ||
| 650 | |a ZONAS RURALES | ||
| 650 | |a PAISES EN DESARROLLO | ||
| 650 | |a CONDICIONES DE VIDA | ||
| 650 | |a SECTOR AGROPECUARIO | ||
| 650 | |a CAMBIO TECNOLOGICO | ||
| 650 | |a TENENCIA DE LA TIERRA | ||
| 650 | |a USO DE LA TIERRA | ||
| 650 | |a CAPITALISMO | ||
| 650 | |a CAMPESINADO | ||
| 650 | |a EMPLEO | ||
| 650 | |a ASALARIADOS | ||
| 650 | |a EXPORTACIONES | ||
| 650 | |a BANCO MUNDIAL | ||
| 650 | |a FMI | ||
| 650 | |a PRODUC | ||
| 773 | |g número 137; páginas 60-81 | ||
| 999 | |c 21306 |d 21306 | ||
